Ako hrajú u susedov hospodárske domino Clearingové zúčtovanie dožíva - vystrieda ho obchodovanie v konvertibilných menách?

Perspektívne ukončenie vzájomných hospodárskych vzťahov Slovenska s ČRvo forme colnej únie a clearingového zúčtovania. Pokles obchodného obratu medzi SR a ČR. Perspektíva obchodovania v konvertibilných menách. Vývoj a komentovanie základných ekonomických ukazovateľov ČR za roky 1993-1995 a odhad na...

Descripción completa

Guardado en:
Detalles Bibliográficos
Autor principal: Seifertová, Iveta
Formato: Capítulo de libro
Lenguaje:eslovaco
Materias:
Etiquetas: Agregar Etiqueta
Sin Etiquetas, Sea el primero en etiquetar este registro!

MARC

LEADER 00000naa a2200000 4500
001 r017177
005 20221205102621.8
041 0 |a slo 
044 |a SK 
245 1 0 |a Ako hrajú u susedov hospodárske domino  |b Clearingové zúčtovanie dožíva - vystrieda ho obchodovanie v konvertibilných menách?  |c I. Seifertová 
520 |a Perspektívne ukončenie vzájomných hospodárskych vzťahov Slovenska s ČRvo forme colnej únie a clearingového zúčtovania. Pokles obchodného obratu medzi SR a ČR. Perspektíva obchodovania v konvertibilných menách. Vývoj a komentovanie základných ekonomických ukazovateľov ČR za roky 1993-1995 a odhad na rok 1996. 
610 2 0 |a klíring 
610 2 0 |a styk platobný medzinárodný 
610 2 0 |a Česko 
610 2 0 |a Slovensko 
610 2 0 |a vývoz 
610 2 0 |a dovoz 
610 2 0 |a únie colné 
610 2 0 |a situácia hospodárska 
610 2 0 |a ukazovatele ekonomické 
610 2 0 |a vývoj hospodársky 
610 2 0 |a rast hospodársky 
610 2 0 |a 1993-1995 
610 2 0 |a produkt domáci hrubý 
610 2 0 |a miera inflácie 
610 2 0 |a miera nezamestnanosti 
100 1 |a Seifertová, Iveta